| 000 | 00552nam a2200193Ia 4500 | ||
|---|---|---|---|
| 003 | GCL | ||
| 008 | 140319s9999 xx 000 0 eng d | ||
| 020 | _a1842770551 | ||
| 040 |
_aGCL / _cGCL |
||
| 082 | 0 | 4 |
_a380.1 _bK R |
| 100 | 1 | _aKHOR, MARTIN | |
| 245 | 1 | 0 |
_aRETHINKING GLOBALIZATION : _bCRITICAL ISSUES AND POLICY CHOICES / _cKHOR, MARTIN |
| 260 |
_aانجلترا : _bZED BOOKS LTD ، _c2001 |
||
| 300 |
_a20 CM ؛ _c144 P |
||
| 650 | 0 | 4 | _aINVESTMENTS |
| 650 | 0 | 4 | _aTRADE - GLOBALIZATION |
| 650 | 0 | 4 | _aFINANCE - GLOBALIZATION |
| 942 |
_2ddc _cBK |
||
| 999 |
_c5776 _d5776 |
||